000 00702nam a2200229Ia 4500
003 OSt
005 20220926041929.0
006 a|||||r|||| 00| 0
007 ta
008 220923b |||||||| |||| 00| 0 eng d
037 _cGeneral Book
040 _aRTL
_cRTL
_beng
041 _2eng
_aeng
082 _aX9(J).73.N5t, J7
110 _aUSA, Joint Economic Committee. Subcommittee on Agricultural Policy
_9345609
245 0 _aPolicy for commercial agriculture
260 _c1957
650 _aAgriculture Insdustry
700 _aUSA, Joint Economic Committee. Subcommittee on Agricultural Policy
_9345610
942 _hX9(J).73.N5t, J7
_cGB
_2CC
999 _c668464
_d668464